LEADER 01119nam0-22003491i-450- 001 990003821790403321 005 20001010 010 $a88-204-9925-8 035 $a000382179 035 $aFED01000382179 035 $a(Aleph)000382179FED01 035 $a000382179 100 $a20001010d--------km-y0itay50------ba 101 0 $aita 105 $ay-------001yy 200 1 $aSorrida, prego$ela costruzione visuale della vita quotidiana$fRichard M. Chalfen$gtraduzione di Carlotta Faccioli 210 $aMilano$cF. Angeli$dc1997 215 $a232 p.$ctab., fig.$d22 cm 225 1 $a<>boratorio Sociologico$fcollana diretta da Costantin o Cipolla$v10 300 $aTrad. di: Snapshot version of life. - Contiene bibl. (pp. 219-232) 610 0 $aFOTOGRAFIA$aAspetti sociali 610 0 $aVITA QUOTIDIANA$aAspetti antropologici 676 $a770.1 700 1$aChalfen,$bRichard M.$0382162 801 0$aIT$bUNINA$gRICA$2UNIMARC 901 $aBK 912 $a990003821790403321 952 $a770.1 CHA 1$b225$fBFS 959 $aBFS 996 $aSorrida, prego$9506012 997 $aUNINA DB $aING01 LEADER 01049nam--2200349---450- 001 990002423640203316 005 20080305135139.0 035 $a000242364 035 $aUSA01000242364 035 $a(ALEPH)000242364USA01 035 $a000242364 100 $a20050525d2004----km-y0itay50------ba 101 0 $aita 102 $aIT 105 $ay|||||||001yy 200 1 $aA vigilia e Natale$e(due atti in vernacolo serinese)$fOttaviano De Biase 210 $a[S.l.$cs.n.]$dstampa 2004 (Serino : Tuttovolume) 215 $a69 p.$d21 cm 300 $aTit. della cop. 300 $aEd. di 50 esempl. num. 676 $a852.914 700 1$aDE BIASE,$bOttaviano$0474910 801 0$aIT$bsalbc$gISBD 912 $a990002423640203316 951 $aXV.1. varia 17(V G 1184)$b174508 L.M.$cXV.1.$d00134325 959 $aBK 969 $aLOC 979 $aRIVELLI$b90$c20050525$lUSA01$h1146 979 $aCOPAT1$b90$c20051130$lUSA01$h1416 979 $aANNAMARIA$b90$c20080305$lUSA01$h1351 996 $aA vigilia e Natale$91056602 997 $aUNISA